कृष्ण-अर्जुन संवाद / (Record no. 113209)

MARC details
000 -LEADER
fixed length control field 01259nam a22002777a 4500
003 - CONTROL NUMBER IDENTIFIER
control field dpl
005 - DATE AND TIME OF LATEST TRANSACTION
control field 20190128133325.0
008 - FIXED-LENGTH DATA ELEMENTS--GENERAL INFORMATION
fixed length control field 190128b ||||| |||| 00| 0 eng d
010 ## - LIBRARY OF CONGRESS CONTROL NUMBER
LC control number B-069459
020 ## - INTERNATIONAL STANDARD BOOK NUMBER
Terms of availability 00.00
International Standard Book Number 8124601615
035 ## - SYSTEM CONTROL NUMBER
System control number B-069459, B-069463
037 ## - SOURCE OF ACQUISITION
Source of stock number/acquisition Cen Lib/Ret
040 ## - CATALOGING SOURCE
Original cataloging agency DPL
Language of cataloging HN
Transcribing agency 0
082 ## - DEWEY DECIMAL CLASSIFICATION NUMBER
Classification number 821
Item number यादव
100 ## - MAIN ENTRY--PERSONAL NAME
Personal name यादव, सुरेन्द्र सिंह
9 (RLIN) 44967
245 ## - TITLE STATEMENT
Title कृष्ण-अर्जुन संवाद /
Statement of responsibility, etc सुरेन्द्र सिंह यादव
246 ## - VARYING FORM OF TITLE
Title proper/short title Krishn-Arjun sanvad /
Remainder of title by Surendra Singh Yadav
260 ## - PUBLICATION, DISTRIBUTION, ETC. (IMPRINT)
Place of publication, distribution, etc नई दिल्ली
Name of publisher, distributor, etc डी.के.प्रिंटवर्ल्ड
Date of publication, distribution, etc 2000
270 ## - ADDRESS
Address 'श्री कुंज', एफ-52 बाली नगर
City नई दिल्ली
Postal code 110015
300 ## - PHYSICAL DESCRIPTION
Extent xviii,146पृ. :
Dimensions 21सेमी (सजिल्द)
Other physical details सचित्र
650 ## - SUBJECT ADDED ENTRY--TOPICAL TERM
Topical term or geographic name as entry element हिन्दी -- साहित्य
9 (RLIN) 51130
650 ## - SUBJECT ADDED ENTRY--TOPICAL TERM
Topical term or geographic name as entry element हिन्दी -- कृष्ण -- अर्जुन -- संवाद
9 (RLIN) 49594
650 ## - SUBJECT ADDED ENTRY--TOPICAL TERM
Topical term or geographic name as entry element Hindi -- literature
9 (RLIN) 51131
650 ## - SUBJECT ADDED ENTRY--TOPICAL TERM
Topical term or geographic name as entry element Hindi -- Krishna - Arjuna - Communicate
9 (RLIN) 51132
942 ## - ADDED ENTRY ELEMENTS (KOHA)
Source of classification or shelving scheme Dewey Decimal Classification
Koha item type Hindi Books
Classification part 821
Call number suffix यादव
Holdings
Withdrawn status Lost status Damaged status Not for loan Home library Current library Date acquired Source of acquisition Cost, normal purchase price Total Checkouts Full call number Barcode Date last seen Date checked out Copy number Cost, replacement price Price effective from Koha item type Source of classification or shelving scheme Collection code
        Central Library Central Library 11/08/2015 Cen Lib/Ret 0.00 1 821 यादव B-069459 22/07/2017 01/07/2017 1 0.00 11/08/2015 Hindi Books    
        Sarojini Nagar Sarojini Nagar 21/10/2021   0.00   821 यादव B-069461 21/10/2021       21/10/2021 Hindi Books Dewey Decimal Classification Non-fiction
        Shahdara Branch Shahdara Branch 28/01/2019 BPPD/PUB 0.00 1 821 यादव B-069463 31/01/2019 28/01/2019   0.00 28/01/2019 Hindi Books Dewey Decimal Classification Non-fiction

© Delhi Public Library
Hit Counter
free hit counter